Návšteva držiteľa Nobelovej ceny Edwarda C. Prescotta na Slovensku a jeho prínos pre ekonomickú vedu
Pohľad na život a pôsobenie Edwarda Prescotta. Hlavné prínosy práce Edwarda Prescotta pre ekonomickú vedu. Prednáška Finančné reformy: sme na prahu novej Veľkej depresie?
Salvato in:
| Autore principale: | |
|---|---|
| Altri autori: | , , |
| Natura: | Capitolo di libro |
| Lingua: | slovacco |
| Soggetti: | |
| Tags: |
Nessun Tag, puoi essere il primo ad aggiungerne!!
|
MARC
| LEADER | 00000naa$a2200000$$$4500 | ||
|---|---|---|---|
| 001 | 0111794 | ||
| 005 | 20240502072235.1 | ||
| 041 | 0 | |a slo | |
| 044 | |a SK | ||
| 245 | 1 | 0 | |a Návšteva držiteľa Nobelovej ceny Edwarda C. Prescotta na Slovensku a jeho prínos pre ekonomickú vedu |c Urban Kováč, Jana Péliová, Lukrécia Kováč Gerulová, Marína Smolková |
| 520 | |a Pohľad na život a pôsobenie Edwarda Prescotta. Hlavné prínosy práce Edwarda Prescotta pre ekonomickú vedu. Prednáška Finančné reformy: sme na prahu novej Veľkej depresie? | ||
| 610 | 2 | 0 | |a veda ekonomická |
| 610 | 2 | 0 | |a kríza finančná |
| 610 | 2 | 0 | |a makroekonomika |
| 610 | 2 | 0 | |a prednášky |
| 610 | 2 | 0 | |a Prescott, E. |
| 610 | 2 | 0 | |a školy vysoké |
| 100 | 1 | |a Kováč, Urban | |
| 700 | 1 | |a Péliová, Jana, 1976- | |
| 700 | 1 | |a Kováč Gerulová, Lukrécia, 1978- | |
| 700 | 1 | |a Smolková, Marína | |